000 00976nam a2200193Ia 4500
003 Ost
005 20260507075111.0
008 260507s9999||||xx |||||||||||||| ||und||
040 _cfsecg
041 _aara
082 _a330
100 _aدويدار، محمد
_eمؤلف
245 0 _aمبادئ الاقتصاد السياسي :
_bالاقتصاد النقدي - الاقتصاد الدولي /
_c محمد دويدار
260 _aالاسكندرية:
_bالدار الجامعية,
_c[دون تاريخ]
300 _a صفحة؛
520 _aالتصور النظري لكيفية أداء الاقتصاد الرأسمالي على فرض غياب النقود والعلاقات الاقتصادية الدولية،النقود والعلاقات الاقتصادية الدولية في الأداء اليومي للإقتصاد الرأسمالي
653 _aاقتصاد سياسي - اقتصاد نقدي - اقتصاد دولي
942 _cكتاب
999 _c42910
_d42910